Movies Quiz

Random Movies or Word Play Quiz

Altered Movies Quiz Stats

 Plays Quiz Updated Mar 6, 2012

Also try: Title Drops
Challenge
Share
Tweet
Embed
Score 0/22 Timer 10:00
15 Plays Today
Movie 'Plot' New Title % Correct
Macaulay Culkin struggles to play 4 versions of himself all working hard to prevent a house invasion by Joe PesciHome Clone
79.8%
In this sporting classic, Sylvester Stallone plays a boxer in Philly who is so incredibly full of himself that he loses the big boutCocky
78.9%
This cartoon features the voice of Mike Myers as a foul-tempered ogre who tears up all royal decreesShred
75.7%
In this Pixar film, a bird flies over to deliver a new action figure voiced by Tim AllenToy Stork
73%
In this fantasy classic, Charlton Heston plays an astronaut who crash lands into the future where the Statue of Liberty has been turned into a brew pubPlanet of the Ales
67.3%
In this Tarantino film, John Travolta and Samuel L. Jackson are hit men trying to recover magical case full of paper from a splinter groupPulp Faction
64.2%
Brad Pitt and Edward Norton play two guys who run a new hip discotheque next to a boutique that sells soapsNight Club
63%
In this Spielberg film, Jeff Goldblum's character warns of the dangers of genetically engineering prehistoric pigs to make the ultimate baconJurassic Pork
62.5%
In the film, Bruce Willis, as a cop, fights a Germanic terrorist who is trying to breed a giant killer bunnyDie Hare
59.6%
In this animated film, Albert Brooks, and his assistant played by Ellen DeGeneres, search for a lost inter-office communicationFinding Memo
54.1%
After a tragic break-up, Matt Damon plays a self-educated supergenius who wanders the halls of MIT in painGood Will Hurting
50%
Movie 'Plot' New Title % Correct
Robert De Niro is a hack who picks up his fares and rambles nonsense to them about Jodie FosterTaxi Drivel
49.5%
In this horror spoof, Simon Pegg plays the antihero who leads a band of his friends against hard-of-hearing zombiesShaun of the Deaf
48.5%
A pregnant police woman, played by Frances McDormand, is upset by having to do without woodchips in her landscaping this yearForgo
47.5%
Kristen Stewart feels much better about things when she realizes that a werewolf played by Taylor Lautner treats her better than her fanged exNew Mood
45.1%
Arnold Schwarzenegger and Jamie Lee Curtis play a couple who become secret agents to earn money to pay back a bank note for their homeTrue Lien
43.8%
After years and years of joining the crew of the Dread Pirate Roberts, Robin Wright's character becomes very saltyThe Princess Brine
36.2%
Set in Las Vegas, this Robert De Niro film has him constantly checking out the gambling establishment next doorCasing
31.8%
Paul Newman works at country club but trouble happens because of a failure to communicate about putting chlorine in the water and skimming leavesPool Hand Luke
29%
Debbie Reynolds and Gene Kelly dance and croon with studio execs on an ill-fated ocean liner caught in a stormSinkin' in the Rain
24.4%
Ernest Borgnine plays a heavy-set bachelor who is plagued by his flatulence.Farty
15%
This Hitchcock classic, starring Farley Granger and James Stewart, features one continuous take about the murder of a really stupid classmateDope
12%

You're not logged in!

Compare scores with friends on all Sporcle quizzes.
Join for Free
OR
Log In

You Might Also Like...

Show Comments

Extras

Top Quizzes Today


Score Distribution

Your Account Isn't Verified!

In order to create a playlist on Sporcle, you need to verify the email address you used during registration. Go to your Sporcle Settings to finish the process.

Report this User

Report this user for behavior that violates our Community Guidelines.

Details: